Presencia de Zurbarán (Record no. 4956)

MARC details
000 - LÍDER
campo de control de longitud fija 01035nam a2200229Ia 4500
008 - ELEMENTOS DE DATOS DE LONGITUD FIJA - INFORMACIÓN GENERAL
campo de control de longitud fija 0000001988 ck a 0000000000spa00
090 ## - NÚMERO DE LLAMADA DE TIPO LC LOCALMENTE ASIGNADO (OCLC)
Número de clasificación (OCLC) (R) PSP00 B15p
110 1# - ENTRADA PRINCIPAL - NOMBRE CORPORATIVO
Nombre corporativo o nombre de jurisdicción como elemento de entrada Banco de la República. Bogotá
245 10 - TÍTULO DECLARACIÓN
Título Presencia de Zurbarán
Declaración de responsabilidad / Banco de la República ; curaduría y montaje Nydia Gutiérrez ; fotografías Julio César Flórez ... [et al.]
260 ## - PUBLICACIÓN, DISTRIBUCIÓN
Lugar de publicación Bogotá : Banco de la República. Biblioteca Luis Angel Arango
Fecha de publicación 1988
300 ## - DESCRIPCIÓN FÍSICA
Alcance 83 p.
Dimensiones / 28 cm.
500 ## - NOTA GENERAL
Nota general Exposición realizada en la Biblioteca Luis Angel Arango, Bogotá, MarzoMayo, 1988 \ Con el patronazgo del maestro venezolano Jesús Rafael Soto (q.e.p.d.) \ Donación Cecilia Mejía, 2009
600 00 - ENTRADA DE SUJETO AÑADIDO - NOMBRE PERSONAL
Nombre de la persona ZURBARAN, FRANCISCO DE, 15981664/
Subdivisión general TRABAJOS PICTORICOS
650 14 - ENTRADA DE SUJETO AÑADIDO - TÉRMINO TÓPICO
Término tópico o elemento de entrada del nombre geográfico ARTE ESPAÑOL
650 14 - ENTRADA DE SUJETO AÑADIDO - TÉRMINO TÓPICO
Subdivisión general CATALOGOS
650 14 - ENTRADA DE SUJETO AÑADIDO - TÉRMINO TÓPICO
Subdivisión general EXPOSICIONES
650 14 - ENTRADA DE SUJETO AÑADIDO - TÉRMINO TÓPICO
Término tópico o elemento de entrada del nombre geográfico PINTORES ESPAÑOLES
650 14 - ENTRADA DE SUJETO AÑADIDO - TÉRMINO TÓPICO
Término tópico o elemento de entrada del nombre geográfico PINTURA ESPAÑOLA
650 14 - ENTRADA DE SUJETO AÑADIDO - TÉRMINO TÓPICO
Término tópico o elemento de entrada del nombre geográfico PINTURA RELIGIOSA ESPAÑOLA
650 14 - ENTRADA DE SUJETO AÑADIDO - TÉRMINO TÓPICO
Término tópico o elemento de entrada del nombre geográfico SIGLO XVII
700 1# - ENTRADA AGREGADA - NOMBRE PERSONAL
Nombre de la persona Gutiérrez, Nydia \ Flórez, Julio César
Holdings
Estado de retirada Pérdida de estatus Estado dañado No para préstamo Código de recogida Ubicación permanente Ubicación actual Ubicación de las estanterías Fecha de adquisición Número de llamada completo Código de barras Fecha de la última vez que se vio Número de copia Precio efectivo desde Tipo de artículo Koha
        General ArtNexus ArtNexus General 06/09/2022 P-SP-00 B15P 4960 06/09/2022 Ej.1 06/09/2022 Libro

Powered by Koha